[Event "Valby K41 Spring-C"]
[Site "Valby"]
[Date "2007.05.11"]
[Round "3"]
[White "Nielsen, Soren Skovso"]
[Black "Hou, Mads"]
[Result "1-0"]
[WhiteElo "1553"]
[BlackElo "1474"]
[PlyCount "24"]
[EventDate "2007.03.13"]
[EventType "tourn"]
[EventRounds "7"]
[EventCountry "DEN"]
[SourceTitle "EXT 2023"]
[Source "ChessBase"]
[SourceDate "2022.10.05"]
[SourceVersion "1"]
[SourceVersionDate "2022.10.05"]
[SourceQuality "1"]

1. e4 e5 2. Nf3 f5 3. Nxe5 Nc6 4. Qh5+ g6 5. Nxg6 Nf6 6. Qh4 hxg6 7. Qxh8 Nxe4 8. d3 Qe7 9. Be2 d5 10. Bh6 Nxf2 11. Bxf8 Nxd3+ 12. cxd3 Qxf8 1-0

[Event "Valby K41 Spring-C"]
[Site "Valby"]
[Date "2007.04.24"]
[Round "4"]
[White "Jorgensen, Orla Eilegaard"]
[Black "Nielsen, Soren Skovso"]
[Result "0-1"]
[WhiteElo "1511"]
[BlackElo "1553"]
[PlyCount "40"]
[EventDate "2007.03.13"]
[EventType "tourn"]
[EventRounds "7"]
[EventCountry "DEN"]
[SourceTitle "EXT 2023"]
[Source "ChessBase"]
[SourceDate "2022.10.05"]
[SourceVersion "1"]
[SourceVersionDate "2022.10.05"]
[SourceQuality "1"]

1. f4 d5 2. Nf3 Nf6 3. b3 e6 4. Bb2 Bd6 5. e3 Nbd7 6. c4 0-0 7. g4 dxc4 8. Bxc4 Qe7 9. g5 Nd5 10. h4 N7b6 11. Bd3 Rd8 12. h5 Nb4 13. Bc2 Nxc2+ 14. Qxc2 Nd5 15. g6 fxg6 16. hxg6 h6 17. Nc3 Nb4 18. Qe4 Bd7 19. Ne5 Bxe5 20. Qxe5 Nd3+ 0-1

[Event "Valby K41 op 0607"]
[Site "Valby"]
[Date "2007.02.13"]
[Round "8"]
[White "Kristensen, Steffen Michael"]
[Black "Nielsen, Soren Skovso"]
[Result "1-0"]
[WhiteElo "1275"]
[BlackElo "1593"]
[PlyCount "41"]
[EventDate "2006.11.14"]
[EventType "swiss"]
[EventRounds "9"]
[EventCountry "DEN"]
[SourceTitle "EXT 2018"]
[Source "ChessBase"]
[SourceDate "2017.10.13"]
[SourceVersion "1"]
[SourceVersionDate "2017.10.13"]
[SourceQuality "1"]

1. Nf3 d5 2. d4 Nc6 3. g3 g6 4. Bg2 Bg7 5. Bf4 e6 6. Nc3 a6 7. e4 dxe4 8. Nxe4 Nxd4 9. 0-0 Nxf3+ 10. Qxf3 e5 11. Rad1 Qe7 12. Rfe1 Be6 13. Be3 f5 14. Ng5 Nh6 15. Nxe6 Qxe6 16. Qxb7 0-0 17. Bd5 Qxd5 18. Qxd5+ Nf7 19. Bc5 Rfe8 20. Qc4 Bf6 21. Rd7 1-0

[Event "Valby K41 op 0607"]
[Site "Valby"]
[Date "2007.02.06"]
[Round "7"]
[White "Eiholt, Bjarne"]
[Black "Nielsen, Soren Skovso"]
[Result "1/2-1/2"]
[WhiteElo "1444"]
[BlackElo "1593"]
[PlyCount "51"]
[EventDate "2006.11.14"]
[EventType "swiss"]
[EventRounds "9"]
[EventCountry "DEN"]
[SourceTitle "EXT 2018"]
[Source "ChessBase"]
[SourceDate "2017.10.13"]
[SourceVersion "1"]
[SourceVersionDate "2017.10.13"]
[SourceQuality "1"]

1. d4 Nf6 2. c4 g6 3. Nc3 Bg7 4. Bf4 c6 5. Nf3 d6 6. h3 Qa5 7. e3 Be6 8. Be2 Ne4 9. 0-0 Nxc3 10. bxc3 Nd7 11. Ng5 0-0 12. Nxe6 fxe6 13. Bg4 Rf6 14. Bg5 Qxg5 15. Bxe6+ Kh8 16. Bxd7 Rd8 17. Bg4 Qa5 18. Qb3 Qc7 19. Rab1 Rb8 20. Qa4 b6 21. Bf3 Rc8 22. Rfc1 Rff8 23. Bg4 Rcd8 24. Bf3 Rc8 25. Bg4 Rcd8 26. Bf3 1/2-1/2

[Event "Valby K41 op 0607"]
[Site "Valby"]
[Date "2007.01.02"]
[Round "4"]
[White "Nielsen, Jens Holm"]
[Black "Nielsen, Soren Skovso"]
[Result "1-0"]
[WhiteElo "1780"]
[BlackElo "1593"]
[PlyCount "107"]
[EventDate "2006.11.14"]
[EventType "swiss"]
[EventRounds "9"]
[EventCountry "DEN"]
[SourceTitle "EXT 2018"]
[Source "ChessBase"]
[SourceDate "2017.10.13"]
[SourceVersion "1"]
[SourceVersionDate "2017.10.13"]
[SourceQuality "1"]

1. f4 d6 2. Nf3 Nc6 3. e4 e5 4. Bc4 Be7 5. fxe5 dxe5 6. c3 Bh4+ 7. g3 Bf6 8. 0-0 Qe7 9. d4 Bh3 10. Bxf7+ Qxf7 11. Ng5 Qd7 12. Qh5+ g6 13. Qxh3 Qxh3 14. Nxh3 exd4 15. Bg5 Bxg5 16. Nxg5 Nh6 17. Ne6 Kd7 18. Nxd4 Rhe8 19. Nxc6 Kxc6 20. Rf6+ Kd7 21. Nd2 Rad8 22. Re1 Ke7 23. Rf2 Ng4 24. Rfe2 Ne5 25. Kg2 Nd3 26. Rf1 Nxb2 27. Rb1 Na4 28. Rxb7 Rd7 29. Nf3 Nxc3 30. Re3 Nd1 31. Ra3 a5 32. Rxa5 Ne3+ 33. Kh3 Kf8 34. Re5 Ree7 35. Rxe7 Rxe7 36. e5 h6 37. Rb3 Nd5 38. Kg2 c5 39. Rd3 Nb4 40. Rc3 Ra7 41. a3 Nd5 42. Rxc5 Ne3+ 43. Kh3 Rxa3 44. Rc8+ Ke7 45. Rc7+ Kd8 46. Rg7 Nd5 47. Rxg6 Ke7 48. Rd6 Rd3 49. Kh4 Rxf3 50. Rxd5 Ke6 51. Rd6+ Kxe5 52. Rxh6 Rf2 53. h3 Rf3 54. g4 1-0

[Event "Valby K41 op 0607"]
[Site "Valby"]
[Date "2006.12.05"]
[Round "3"]
[White "Nielsen, Soren Skovso"]
[Black "Roder, Peter Ulrik"]
[Result "1/2-1/2"]
[WhiteElo "1593"]
[BlackElo "2029"]
[PlyCount "110"]
[EventDate "2006.11.14"]
[EventType "swiss"]
[EventRounds "9"]
[EventCountry "DEN"]
[SourceTitle "EXT 2018"]
[Source "ChessBase"]
[SourceDate "2017.10.13"]
[SourceVersion "1"]
[SourceVersionDate "2017.10.13"]
[SourceQuality "1"]

1. e4 c5 2. Nf3 Nc6 3. d4 cxd4 4. Nxd4 g6 5. Nc3 Bg7 6. Be3 Qa5 7. Bc4 Qb4 8. Nxc6 bxc6 9. Bb3 Bxc3+ 10. bxc3 Qxe4 11. 0-0 Nf6 12. Re1 Qf5 13. Bd4 d6 14. Bc4 e5 15. Bd3 Qh5 16. Be2 Qf5 17. Bd3 Qe6 18. f4 Nd7 19. Qf3 0-0 20. Qxc6 Rb8 21. fxe5 Nxe5 22. Bxe5 dxe5 23. Qxe6 Bxe6 24. Rxe5 Rfc8 25. c4 Bxc4 26. a4 Rb2 27. Rae1 Bxd3 28. Re8+ Rxe8 29. Rxe8+ Kg7 30. cxd3 Ra2 31. Re4 Ra3 32. Rd4 Kf6 33. Kf2 Ke6 34. Ke3 Ra2 35. Re4+ Kd6 36. Rd4+ Kc6 37. Rc4+ Kd6 38. Rd4+ Ke6 39. Re4+ Kf6 40. Rf4+ Ke7 41. Re4+ Kf8 42. Kf3 Rd2 43. Rd4 Ke7 44. h3 Ke6 45. g3 Ra2 46. Ke3 h5 47. Re4+ Kd6 48. Rd4+ Ke7 49. Rc4 a5 50. Re4+ Kf6 51. Rf4+ Ke6 52. Re4+ Kd6 53. Rd4+ Ke5 54. Re4+ Kd6 55. Rd4+ Ke6 1/2-1/2

[Event "Valby K41 Autumn-B"]
[Site "Valby"]
[Date "2006.09.19"]
[Round "2"]
[White "Nielsen, Soren Skovso"]
[Black "Philipsen, William Horup"]
[Result "0-1"]
[WhiteElo "1584"]
[BlackElo "1448"]
[PlyCount "102"]
[EventDate "2006.09.12"]
[EventType "tourn"]
[EventRounds "7"]
[EventCountry "DEN"]
[SourceTitle "EXT 2023"]
[Source "ChessBase"]
[SourceDate "2022.10.05"]
[SourceVersion "1"]
[SourceVersionDate "2022.10.05"]
[SourceQuality "1"]

1. e4 e5 2. Bc4 Nf6 3. Nc3 Bc5 4. d3 c6 5. Na4 Qa5+ 6. c3 Bxf2+ 7. Kxf2 b5 8. b4 Qxa4 9. Qxa4 bxa4 10. Bg5 Bb7 11. a3 d5 12. Bxf6 gxf6 13. exd5 cxd5 14. Bb5+ Bc6 15. Bxc6+ Nxc6 16. Ne2 Rg8 17. Ng3 Kd7 18. c4 dxc4 19. dxc4 Rg4 20. Rhd1+ Kc7 21. c5 Rf4+ 22. Kg1 Nd4 23. Rf1 a5 24. Rxf4 exf4 25. Nh5 axb4 26. axb4 a3 27. Nxf4 Nc2 28. Nd5+ Kc6 29. Rd1 a2 30. Ne7+ Kb5 31. c6 Ne3 32. Ra1 Nc4 33. c7 Nb6 34. c8Q Nxc8 35. Nxc8 Kxb4 36. Nd6 Kb3 37. Ne4 Kb2 38. Rxa2+ Rxa2 39. Nxf6 h6 40. h3 Kc3 41. Kh2 Ra6 42. Ne4+ Kd4 43. Ng3 Ke5 44. Nf1 Kf4 45. Nd2 Ra3 46. Nf1 h5 47. Nd2 h4 48. Nc4 Rd3 49. Nb2 Rc3 50. Kg1 Kg3 51. Nd1 Rc1 0-1